LEADER 00709naa a2200169 i 4500 001 000000318511 003 CaOOAMICUS 005 20180831173249.0 008 180831n it u000 u ita u 013 $a28025 040 $aSeMil$bita 100 1 $aNitrola, Antonio,$d<1958- >.$0(OLS)http://semarc/name/2648 245 13$aIl tempo in Heidegger e Bultmann. 650 4$aHeidegger, Martin <1889-1976> - Tempo.$0(OLS)http://semarc/subject/43982 650 4$aBultmann, Rudolf <1884-1976> - Tempo.$0(OLS)http://semarc/subject/43983 773 0 $tTempo nella Bibbia.$dRoma : AdP, 2009.$kBibbia e preghiera$z978-88-7357-478-1$gp.239-273$w()196708 996 $6245$aIl tempo in Heidegger e Bultmann$9(OLS)http://semarc/title/392391 LEADER 01274nam a2200265 i 4500 001 000000067675 003 CaOOAMICUS 005 20100603000000.0 008 100603s1971 it u000 u ita u 013 $a38847 040 $aSeMil$bita 100 1 $aTillich, Paul Johannes,$d<1886-1965>.$0(OLS)http://semarc/name/1471 240 10$aChristianity and the encounter of the world religions ; Autobiographical reflections.$0(OLS)http://semarc/title/107859 245 13$aIl cristianesimo e le religioni e riflessioni autobiografiche /$cPaul Tillich ; presentazione di Fabio Ricardi. 260 $aMilano :$bMursia,$c1971. 300 $a163 p. ;$c20 cm. 490 0 $aIl cammino : pensiero e civiltà ;$v5 650 4$aCristianesimo e religioni non cristiane.$0(OLS)http://semarc/subject/3360 650 4$aEcumenismo.$0(OLS)http://semarc/subject/3071 700 1 $aRicardi, Fabio <1938->.$0(OLS)http://semarc/name/30787 830 3$aIl cammino ;$v5.$0(OLS)http://semarc/title/13185 850 $aSeMil 852 $aSeMil$W1$xVenegono$y1$m2O I 228$j33828$B33828$CSeMilBibl$Z2$F33831 $81 996 $6245$aIl cristianesimo e le religioni e riflessioni autobiografiche$9(OLS)http://semarc/title/107858 996 $6260$aMilano :$bMursia$9(OLS)http://semarc/publisher/30230